| Tag |
First Indicator |
Second Indicator |
Subfields |
| LEADER |
00000cam a2200000 i 4500 |
| 001 |
in00003347521 |
| 005 |
20151206084814.0 |
| 008 |
121120s2013 nyuaf b 001 0 eng |
| 010 |
|
|
|a 2012034423
|
| 016 |
7 |
|
|a 016076376
|2 Uk
|
| 020 |
|
|
|a 9780071753333 (alk. paper)
|
| 020 |
|
|
|a 0071753338 (alk. paper)
|
| 029 |
1 |
|
|a AU@
|b 000050193866
|
| 035 |
|
|
|a (OCoLC)ocn768172781
|
| 035 |
|
|
|a (OCoLC)768172781
|
| 040 |
|
|
|a DLC
|b eng
|e rda
|c DLC
|d YDX
|d BTCTA
|d BDX
|d UKMGB
|d YDXCP
|d CDX
|d OCLCO
|d COO
|d OCLCQ
|d UtOrBLW
|
| 042 |
|
|
|a pcc
|
| 049 |
|
|
|a TXAM
|
| 050 |
0 |
0 |
|a GB843
|b .K74 2013
|
| 082 |
0 |
0 |
|a 551.490914/4
|2 23
|
| 100 |
1 |
|
|a Krešić, Neven.
|
| 245 |
1 |
0 |
|a Water in karst :
|b management, vulnerability, and restoration /
|c Neven Kresic, Ph. D.
|
| 264 |
|
1 |
|a New York :
|b McGraw-Hill,
|c [2013]
|
| 300 |
|
|
|a xxiii, 708 pages, 16 unnumbered pages of plates :
|b illustrations (some color) ;
|c 25 cm
|
| 336 |
|
|
|a text
|b txt
|2 rdacontent
|
| 337 |
|
|
|a unmediated
|b n
|2 rdamedia
|
| 338 |
|
|
|a volume
|b nc
|2 rdacarrier
|
| 504 |
|
|
|a Includes bibliographical references and index.
|
| 650 |
|
0 |
|a Hydrology, Karst.
|
| 650 |
|
0 |
|a Water-supply
|x Management.
|
| 938 |
|
|
|a Baker and Taylor
|b BTCP
|n BK0010415930
|
| 938 |
|
|
|a Brodart
|b BROD
|n 100721877
|c $125.00
|
| 938 |
|
|
|a YBP Library Services
|b YANK
|n 7447099
|
| 938 |
|
|
|a Coutts Information Services
|b COUT
|n 20985768
|
| 947 |
|
|
|a A14840633620
|
| 945 |
|
|
|a PromptCat
|b 457605
|
| 946 |
|
|
|a stk
|
| 994 |
|
|
|a 92
|b TXA
|
| 948 |
|
|
|a Cataloged
|b h
|c 2013/9/11
|d c
|e EGrant
|
| 999 |
|
|
|a MARS
|
| 999 |
f |
f |
|s 37b16739-a24c-3d80-8ac8-c23463395160
|i 4253fa41-971b-3b1e-9076-4c103a42dd37
|t 0
|
| 952 |
f |
f |
|p normal
|a Texas A&M University
|b College Station
|c Sterling C. Evans Library
|d Evans: Library Stacks
|t 0
|e GB843 .K74 2013
|h Library of Congress classification
|i unmediated -- volume
|m A14840633620
|
| 998 |
f |
f |
|a GB843 .K74 2013
|t 0
|l Evans: Library Stacks
|